Életünk legszebb napja
Elmentve itt :
| Szerző: | |
|---|---|
| Dokumentumtípus: | Cikk |
| Megjelent: |
2016
|
| Sorozat: | Tiszatáj
70 No. 7-8 |
| Kulcsszavak: | Magyar irodalom - regény |
| Online Access: | http://tiszataj.bibl.u-szeged.hu/23699 |
| LEADER | 00571nab a2200181 i 4500 | ||
|---|---|---|---|
| 001 | tisza23699 | ||
| 005 | 20200331094730.0 | ||
| 008 | 170622s2016 hu o 0|| hun d | ||
| 022 | |a 0133-1167 | ||
| 040 | |a SZTE Tiszatáj Archívum |b hun | ||
| 041 | |a hun | ||
| 100 | 1 | |a Szil Ágnes | |
| 245 | 1 | 0 | |a Életünk legszebb napja |h [elektronikus dokumentum] / |c Szil Ágnes |
| 260 | |c 2016 | ||
| 300 | |a 38-44 | ||
| 490 | 0 | |a Tiszatáj |v 70 No. 7-8 | |
| 695 | |a Magyar irodalom - regény | ||
| 856 | 4 | 0 | |u http://tiszataj.bibl.u-szeged.hu/23699/1/tiszataj_2016_007_008_038-044.pdf |z Dokumentum-elérés |